Top 100 DJ MAG 2024 - Statistiques

Statistiques générales
  • Ce quiz a été pris 49 fois
  • Le résultat moyen est 14 sur 100
Statistiques - réponses
Réponse % Correct
2 David Guetta
95%
33 DJ Snake
74%
1 Martin Garrix
71%
91 Mau P
55%
22 Calvin Harris
52%
51 Mariana Bo
50%
3 Dimitri Vegas & Like mike
40%
23 Tiesto
40%
6 Armin Van Buuren
38%
19 Skrillex
38%
16 Charlotte de Witte
36%
11 Hardwell
36%
12 Steve Aoki
36%
4 Alok
31%
15 Don Diablo
29%
71 Lucas & Steve
29%
34 Marshmello
29%
39 Swedish House Mafia
29%
5 Timmy Trumpet
26%
7 Afrojack
24%
43 Alesso
24%
21 W&W
24%
28 Fred Again
21%
18 R3HAB
21%
13 Alan Walker
19%
41 Amelie Lens
19%
17 Anyma
19%
8 Fisher
19%
14 KSHMR
19%
20 Lost Frequencies
19%
10 Peggy Gou
19%
42 The Chainsmokers
19%
67 Deadmau5
17%
24 Black Coffee
14%
35 Keinemusik
14%
50 Nervo
14%
9 Vintage Culture
14%
54 Zedd
14%
75 Sara Landry
12%
31 Carl Cox
10%
46 Eric Prydz
10%
57 James Hype
10%
70 John Summit
10%
25 Nicky Romero
10%
32 Claptone
7%
45 Gordo
7%
30 Jamie Jones
7%
82 Jax Jones
7%
100 Meduza
7%
61 Mochakk
7%
86 Rezz
7%
88 Solomun
7%
55 Boris Brejcha
5%
58 Deborah de Luca
5%
66 Dom Dolla
5%
76 Dubvision
5%
92 Kaka
5%
69 Maddix
5%
27 Vini Vici
5%
44 Bassjackers
2%
94 B Jones
2%
77 Cat Dealers
2%
40 Fedde Le Grand
2%
29 Heldens
2%
63 Julian Jordan
2%
48 Kaaze
2%
60 Korolova
2%
83 Le Twins
2%
79 Liu
2%
90 Marnik
2%
95 Naeleck
2%
93 Pink Panda
2%
96 Rave Republic
2%
68 The Martinez Brothers
2%
97 Topic
2%
59 Tujamo
2%
52 Vinai
2%
74 22Bullets
0%
53 Above & Beyond
0%
85 Aryue
0%
47 ATB
0%
64 Burak Yeter
0%
89 Cuebrick
0%
72 Danny Avila
0%
62 Dubdogz
0%
99 Faustik
0%
98 Guiseppe Ottaviani
0%
49 Indira Paganotto
0%
36 Joel Corry
0%
80 Kerry Corsten
0%
78 Kölsch
0%
56 Kura
0%
73 Mike Williams
0%
65 Nora en Pure
0%
37 Paul Van Dyk
0%
81 Plastik Funk
0%
38 Quintino
0%
26 Reinier Zonneveld
0%
84 Tungevaag
0%
87 Wukong
0%
Aucun quiz correspondant
Distribution des résultats
% des personnes avec chaque résultat
Percentile par nombre de réponses
Votre historique - résultats
Vous n’avez pas pris ce quiz